<?xml version="1.0" encoding="UTF-8"?>
<record
    xmlns:xsi="http://www.w3.org/2001/XMLSchema-instance"
    xsi:schemaLocation="http://www.loc.gov/MARC21/slim http://www.loc.gov/standards/marcxml/schema/MARC21slim.xsd"
    xmlns="http://www.loc.gov/MARC21/slim">

  <leader>01990nem0a2200361   4500</leader>
  <controlfield tag="001">RU\NLR\BIBL_A\011448552</controlfield>
  <controlfield tag="005">20250626070409.0</controlfield>
  <datafield tag="035" ind1=" " ind2=" ">
    <subfield code="a">(NLR Aleph) 011448552</subfield>
  </datafield>
  <datafield tag="090" ind1=" " ind2=" ">
    <subfield code="a">11741005</subfield>
    <subfield code="c">11741005</subfield>
  </datafield>
  <datafield tag="100" ind1=" " ind2=" ">
    <subfield code="a">20170803d1845    |||y0rusy50      ca</subfield>
  </datafield>
  <datafield tag="101" ind1="0" ind2=" ">
    <subfield code="a">rus</subfield>
  </datafield>
  <datafield tag="102" ind1=" " ind2=" ">
    <subfield code="a">RU</subfield>
  </datafield>
  <datafield tag="120" ind1=" " ind2=" ">
    <subfield code="a">bya    xx||  </subfield>
  </datafield>
  <datafield tag="123" ind1="3" ind2=" ">
    <subfield code="a">a</subfield>
    <subfield code="b">13600000</subfield>
    <subfield code="b">46900000</subfield>
  </datafield>
  <datafield tag="135" ind1=" " ind2=" ">
    <subfield code="a">crcn 024anaba</subfield>
  </datafield>
  <datafield tag="200" ind1="1" ind2=" ">
    <subfield code="a">&#x41A;&#x440;&#x430;&#x442;&#x43A;&#x438;&#x439; &#x433;&#x435;&#x43E;&#x433;&#x440;&#x430;&#x444;&#x438;&#x447;&#x435;&#x441;&#x43A;&#x438;&#x439; &#x430;&#x442;&#x43B;&#x430;&#x441; &#x441;&#x43E;&#x432;&#x440;&#x435;&#x43C;&#x435;&#x43D;&#x43D;&#x43E;&#x433;&#x43E; &#x43C;&#x438;&#x440;&#x430;</subfield>
    <subfield code="b">&#x41A;&#x430;&#x440;&#x442;&#x44B;</subfield>
    <subfield code="e">&#x412;&#x43A;&#x43B;&#x44E;&#x447;&#x435;&#x43D; &#x41C;&#x438;&#x43D;&#x438;&#x441;&#x442;&#x435;&#x440;&#x441;&#x442;&#x432;&#x43E;&#x43C; &#x43D;&#x430;&#x440;&#x43E;&#x434;&#x43D;&#x43E;&#x433;&#x43E; &#x43F;&#x440;&#x43E;&#x441;&#x432;&#x435;&#x449;&#x435;&#x43D;&#x438;&#x44F; &#x432; &#x447;&#x438;&#x441;&#x43B;&#x43E; &#x443;&#x447;&#x435;&#x431;&#x43D;&#x44B;&#x445; &#x43F;&#x43E;&#x441;&#x43E;&#x431;&#x438;&#x439; &#x434;&#x43B;&#x44F; &#x443;&#x435;&#x437;&#x434;&#x43D;&#x44B;&#x445; &#x443;&#x447;&#x438;&#x43B;&#x438;&#x449;</subfield>
    <subfield code="f">&#x421;&#x43E;&#x441;&#x442;. &#x421;. &#x411;&#x430;&#x440;&#x430;&#x43D;&#x43E;&#x432;&#x441;&#x43A;&#x438;&#x439;</subfield>
  </datafield>
  <datafield tag="206" ind1=" " ind2=" ">
    <subfield code="a">&#x41C;-&#x431;&#x44B; &#x440;&#x430;&#x437;&#x43D;&#x44B;&#x435;</subfield>
  </datafield>
  <datafield tag="210" ind1=" " ind2=" ">
    <subfield code="a">&#x421;&#x430;&#x43D;&#x43A;&#x442;-&#x41F;&#x435;&#x442;&#x435;&#x440;&#x431;&#x443;&#x440;&#x433;</subfield>
    <subfield code="c">&#x410;.&#x42E;. &#x42E;&#x43D;&#x433;&#x43C;&#x435;&#x439;&#x441;&#x442;&#x435;&#x440;</subfield>
    <subfield code="d">1845</subfield>
  </datafield>
  <datafield tag="215" ind1=" " ind2=" ">
    <subfield code="a">1 &#x430;&#x442;&#x43B;. (4 &#x441;.,6 &#x43B;.)</subfield>
    <subfield code="c">&#x446;&#x432;., &#x43F;&#x440;&#x43E;&#x444;&#x438;&#x43B;&#x438;</subfield>
    <subfield code="d">31&#x445;24 &#x441;&#x43C;</subfield>
  </datafield>
  <datafield tag="300" ind1=" " ind2=" ">
    <subfield code="a">&#x41D;&#x430; &#x430;&#x432;&#x430;&#x43D;&#x442;&#x438;&#x442;.: &#x415;&#x433;&#x43E; &#x432;&#x44B;&#x441;&#x43E;&#x43A;&#x43E;&#x43F;&#x440;&#x435;&#x432;&#x43E;&#x441;&#x445;&#x43E;&#x434;&#x438;&#x442;&#x435;&#x43B;&#x44C;&#x441;&#x442;&#x432;&#x443; &#x433;&#x43E;&#x441;&#x43F;&#x43E;&#x434;&#x438;&#x43D;&#x443; &#x43C;&#x438;&#x43D;&#x438;&#x441;&#x442;&#x440;&#x443; &#x43D;&#x430;&#x440;&#x43E;&#x434;&#x43D;&#x43E;&#x433;&#x43E; &#x43F;&#x440;&#x43E;&#x441;&#x432;&#x435;&#x449;&#x435;&#x43D;&#x438;&#x44F; &#x421;&#x435;&#x440;&#x433;&#x435;&#x44E; &#x421;&#x435;&#x43C;&#x435;&#x43D;&#x43E;&#x432;&#x438;&#x447;&#x443; &#x423;&#x432;&#x430;&#x440;&#x43E;&#x432;&#x443;</subfield>
  </datafield>
  <datafield tag="325" ind1="1" ind2=" ">
    <subfield code="a">&#x41A;&#x43E;&#x43F;&#x438;&#x44F; &#x434;&#x43E;&#x441;&#x442;&#x443;&#x43F;&#x43D;&#x430; &#x432; &#x44D;&#x43B;&#x435;&#x43A;&#x442;&#x440;&#x43E;&#x43D;&#x43D;&#x43E;&#x439; &#x431;&#x438;&#x431;&#x43B;&#x438;&#x43E;&#x442;&#x435;&#x43A;&#x435; &#x420;&#x41D;&#x411;</subfield>
  </datafield>
  <datafield tag="509" ind1="0" ind2="1">
    <subfield code="7">ca</subfield>
    <subfield code="a">&#x41C;&#x438;&#x440;</subfield>
    <subfield code="9">2633185</subfield>
    <subfield code="3">RU\NLR\auth_crt\551</subfield>
  </datafield>
  <datafield tag="607" ind1=" " ind2=" ">
    <subfield code="a">&#x421;&#x442;&#x440;&#x430;&#x43D;&#x44B; &#x43C;&#x438;&#x440;&#x430;</subfield>
    <subfield code="j">&#x410;&#x442;&#x43B;&#x430;&#x441;&#x44B; &#x443;&#x447;&#x435;&#x431;&#x43D;&#x44B;&#x435;</subfield>
    <subfield code="9">2178478</subfield>
    <subfield code="3">RU\NLR\AUTH\661310190</subfield>
  </datafield>
  <datafield tag="608" ind1=" " ind2=" ">
    <subfield code="a">&#x41F;&#x43E;&#x43B;&#x438;&#x442;&#x438;&#x43A;&#x43E;-&#x430;&#x434;&#x43C;&#x438;&#x43D;&#x438;&#x441;&#x442;&#x440;&#x430;&#x442;&#x438;&#x432;&#x43D;&#x44B;&#x435; &#x430;&#x442;&#x43B;&#x430;&#x441;&#x44B;</subfield>
    <subfield code="9">2294020</subfield>
    <subfield code="3">RU\NLR\AUTH\6601600947</subfield>
  </datafield>
  <datafield tag="608" ind1=" " ind2=" ">
    <subfield code="a">&#x413;&#x435;&#x43E;&#x433;&#x440;&#x430;&#x444;&#x438;&#x447;&#x435;&#x441;&#x43A;&#x438;&#x435; &#x43A;&#x430;&#x440;&#x442;&#x44B; &#x443;&#x447;&#x435;&#x431;&#x43D;&#x44B;&#x435;</subfield>
    <subfield code="9">1412180</subfield>
    <subfield code="3">RU\NLR\AUTH\66283479</subfield>
  </datafield>
  <datafield tag="702" ind1=" " ind2="1">
    <subfield code="a">&#x411;&#x430;&#x440;&#x430;&#x43D;&#x43E;&#x432;&#x441;&#x43A;&#x438;&#x439;</subfield>
    <subfield code="b">&#x421;.</subfield>
    <subfield code="4">220</subfield>
  </datafield>
  <datafield tag="852" ind1=" " ind2=" ">
    <subfield code="a">NLR</subfield>
    <subfield code="b">&#x41A;</subfield>
    <subfield code="j">2-&#x43C;&#x438;&#x440; 7/33</subfield>
    <subfield code="m">10117</subfield>
  </datafield>
  <datafield tag="901" ind1=" " ind2=" ">
    <subfield code="e">&#x41A;&#x430;&#x440;&#x442;&#x43E;&#x433;&#x440;&#x430;&#x444;&#x438;&#x447;&#x435;&#x441;&#x43A;&#x438;&#x435; &#x43C;&#x430;&#x442;&#x435;&#x440;&#x438;&#x430;&#x43B;&#x44B;</subfield>
  </datafield>
  <datafield tag="942" ind1=" " ind2=" ">
    <subfield code="c">MAP</subfield>
  </datafield>
  <datafield tag="980" ind1=" " ind2=" ">
    <subfield code="a">NB</subfield>
  </datafield>
  <datafield tag="981" ind1="1" ind2="9">
    <subfield code="a">(19) &#x41A;&#x430;&#x440;&#x442;&#x43E;&#x433;&#x440;&#x430;&#x444;&#x438;&#x447;&#x435;&#x441;&#x43A;&#x438;&#x435; &#x43C;&#x430;&#x442;&#x435;&#x440;&#x438;&#x430;&#x43B;&#x44B;</subfield>
  </datafield>
  <datafield tag="995" ind1=" " ind2=" ">
    <subfield code="5">2017-08-03</subfield>
    <subfield code="b">NLR02</subfield>
    <subfield code="c">NLR02</subfield>
    <subfield code="e">MAP</subfield>
    <subfield code="f">ERR-99218</subfield>
    <subfield code="k">&#x41A; 2-&#x41C;&#x438;&#x440; 7/33</subfield>
    <subfield code="o">0</subfield>
    <subfield code="r">MAP</subfield>
    <subfield code="s">_2733</subfield>
  </datafield>
</record>
